| 000 | 00533nam a2200121 a 4500 | ||
|---|---|---|---|
| 008 | 120416s9999 xx |||||||||||||| || u | ||
| 050 | _aNA 31 Art | ||
| 100 | _aPetherbridge, Deanna | ||
| 245 | 1 | 0 |
_aArt for Architecture _ccompiled and edited by Deanna Petherbridge; from a research conducted by the Art & architecture rese |
| 246 | _aa handbook on commissioning | ||
| 350 | _a0.00 | ||
| 995 |
_D0.00 _FCBU-MAIN LIBRARY (Kitwe) _H1 _I16.50 _UAVAILABLE _ZMain Library Open Access Collection |
||
| 999 |
_c34857 _d34857 |
||